Algebraic theories
محفوظ في:
| المؤلف الرئيسي: | |
|---|---|
| التنسيق: | كتاب |
| اللغة: | الإنجليزية |
| منشور في: |
Nueva York
Springer-Verlag
1976
|
| سلاسل: | Graduate Texts in Mathematics, 26
|
| الموضوعات: | |
| الوسوم: |
إضافة وسم
لا توجد وسوم, كن أول من يضع وسما على هذه التسجيلة!
|
MARC
| LEADER | 00000nam a2200000 a 4500 | ||
|---|---|---|---|
| 001 | UCQ8901 | ||
| 003 | CL-VaPUC | ||
| 008 | 981217e19760000US |||||||||||||||||eng|d | ||
| 082 | 0 | 4 | |a 512 |b MAN |2 21 |
| 100 | |a Manes, Ernest G. |e autor |9 423210 | ||
| 245 | 1 | 0 | |a Algebraic theories |
| 300 | |a 356 p | ||
| 942 | |c BK | ||
| 945 | |d 19981217 00:00:00 |a crobeson | ||
| 260 | |a Nueva York |b Springer-Verlag |c 1976 | ||
| 650 | 0 | |a Álgebra |9 259567 | |
| 650 | 0 | |a Álgebra universal |9 270709 | |
| 583 | |a last modification |c 19981217 00:00:00 |k Rodrigo Vera | ||
| 490 | 0 | |a Graduate Texts in Mathematics, 26 | |
| 999 | |c 278066 |d 278064 | ||
| 952 | |0 0 |1 0 |4 0 |6 512_000000000000000_MAN_1976 |7 0 |8 A |9 316404 |a BIBMAT |b BIBMAT |d 2019-11-20 |i 1305751 |o 512 MAN 1976 |p 1305751 |r 2025-01-07 |w 2019-11-20 |y BK |k MAT | ||